| 000 | 00849nam a22002297a 4500 | ||
|---|---|---|---|
| 005 | 2012032301581.0 | ||
| 010 | _aB-447104 | ||
| 020 |
_a8123737130 _c20.00 |
||
| 035 | _aB-447104 | ||
| 037 |
_adpl _bK.K.Pub/Ven |
||
| 082 | _a921 | ||
| 100 |
_aNadkarni, Mohan _944642 |
||
| 245 |
_aBal gandharva : _bthe nonpareil thespian / _cby Mohan Nadkarni |
||
| 260 |
_aNew Delhi _bNational Book Trust _c2002 |
||
| 270 |
_aA-5 Green Park, _bNew Delhi _e110016 |
||
| 300 |
_avi,77p. _bill _c22cm(pbk) |
||
| 490 |
_aNational biography _944643 |
||
| 700 | _944367 | ||
| 942 |
_2ddc _cEN _mNAD _h921 |
||
| 999 |
_c64437 _d64437 |
||